000 00292nam a22001337a 4500
008 171019b xxu||||| |||| 00| 0 eng d
020 _a0256031843
041 _aeng
080 _a338
100 _a53
101 _aMEN
245 _aSALES FORCE MANAGEMENT
_cWALKER.CH.F
942 _2udc
_cBK
999 _c34949
_d34949